000 00590nam a2200229 a 4500
999 _c7601
_d7601
001 7601
003 BD-JhCC
005 20181006165422.0
008 180212b1976 bg |||| ||a| 000 0 eng d
035 _a(BD-JhCC) 7601
040 _aBD-JhCC
_dBD-JhCC
041 _aeng
082 _a574
_bFAT 1976
100 _aFattah, DR. Quazi Abdul
245 _aCollege biology /
_cDR. Quazi Abdul Fattah
260 _aDhaka:
_bJahangir songs 42, Bangla Bazar Dhaka,
_c1976
300 _a404 p .:
_c22 cm .
650 _aBiology
700 _aMd. Abul Hassan
942 _2ddc
_cBK